Thâm canh chăn nuôi lợn tập thể

Gespeichert in:
Bibliographische Detailangaben
1. Verfasser: Vũ, Hữu Định
Format: Buch
Sprache:Undetermined
Veröffentlicht: Hà Nội Nông nghiệp 1978
Schlagworte:
Tags: Tag hinzufügen
Keine Tags, Fügen Sie den ersten Tag hinzu!
Thư viện lưu trữ: Trung tâm Học liệu Trường Đại học Cần Thơ
LEADER 00533nam a2200193Ia 4500
001 CTU_14079
008 210402s9999 xx 000 0 und d
082 |a 636.4 
082 |b Đ312 
100 |a Vũ, Hữu Định 
245 0 |a Thâm canh chăn nuôi lợn tập thể 
245 0 |c Vũ Hữu Định 
260 |a Hà Nội 
260 |b Nông nghiệp 
260 |c 1978 
650 |a Swine 
650 |x Breeding 
904 |i Trọng Hiếu 
980 |a Trung tâm Học liệu Trường Đại học Cần Thơ